Happiness /
Saved in:
| 其他作者: | , , , , , , |
|---|---|
| 格式: | |
| 語言: | 意大利语 英语 |
| 出版: |
[Roma! :
BIM : 01 Distribution,
©2007
|
| 標簽: |
沒有標簽, 成為第一個標記此記錄!
|
MARC
| LEADER | 00000ngm a22000007i 4500 | ||
|---|---|---|---|
| 001 | IT\ICCU\LO1\1291430 | ||
| 003 | ItRI | ||
| 005 | 20260124182859.0 | ||
| 008 | 100225s2007 it |||||||||||||||k|||||c | ||
| 028 | 4 | 2 | |a 01687 |
| 040 | |b ita | ||
| 041 | 7 | |a ita |a eng |2 ISO-639-2 | |
| 082 | |a 791.43 |9 CINEMA |2 19 | ||
| 130 | 0 | |a Happiness <film ; 1998> |3 IT\ICCU\CAG\0563239 | |
| 245 | 0 | 0 | |a Happiness / |c a film by Todd Solondz ; fotografia Maryse Alberti ; musiche Robbie Kondor. |
| 260 | |a [Roma! : |b BIM : |b 01 Distribution, |c ©2007 | ||
| 300 | |a 1 DVD video (134 min.) ; |c in contenitore, 19 cm | ||
| 500 | |a Caratteristiche tecniche: regione assente; formato video 1.33:1, 4/3 full frame; DVD 5; Dolby digital 2.0; color | ||
| 500 | |a Tit. del contenitore | ||
| 500 | |a Produzione cinematografica USA 1998 | ||
| 500 | |a Interpreti: Ben Gazzara, Lara Flynn Boyle, Jared Harris, Philip Seymour Hoffman | ||
| 500 | |a Lingue: italiano, inglese | ||
| 500 | |a Vietato ai minori di 18 anni. | ||
| 700 | 1 | |a Alberti, Maryse |0 IT\ICCU\LO1V\257127 | |
| 700 | 1 | |a Boyle, Lara Flynn |0 IT\ICCU\LO1V\367100 | |
| 700 | 1 | |a Solondz, Todd |0 IT\ICCU\RAVV\104948 | |
| 700 | 1 | |a Harris, Jared |c (attore) |0 IT\ICCU\RAVV\307060 | |
| 700 | 1 | |a Kondor, Robbie |0 IT\ICCU\RAVV\379358 | |
| 700 | 1 | |a Gazzara, Ben |0 IT\ICCU\TO0V\282652 | |
| 700 | 1 | |a Hoffman, Philip Seymour |0 IT\ICCU\UBOV\680590 | |
| 790 | 1 | |a Hoffman, Philip |3 IT\ICCU\SBNV\037280 |z Hoffman, Philip Seymour | |
| 942 | |2 ddc |c VM |n 0 | ||
| 952 | |0 0 |1 0 |4 0 |6 VO_1868_000000000000000 |7 0 |9 27475 |a BO |b BO |d 2026-01-24 |i 14891 |l 0 |o VO 1868 |p BO14891 |r 2026-01-24 18:28:59 |w 2026-01-24 |x [Sebina 5] [1 dvd] |y VM |z 1 dvd | ||
| 999 | |c 23271 |d 23271 | ||